|
|
|
|
| LEADER |
02180nam a2200433 i 4500 |
| 001 |
EBC5056843 |
| 003 |
MiAaPQ |
| 005 |
20200520144314.0 |
| 006 |
m o d | |
| 007 |
cr cnu|||||||| |
| 008 |
171111t20172017ne abo o 001 0 eng d |
| 020 |
|
|
|z 9789086863112
|
| 020 |
|
|
|a 9789086868582 (e-book)
|
| 035 |
|
|
|a (MiAaPQ)EBC5056843
|
| 035 |
|
|
|a (Au-PeEL)EBL5056843
|
| 035 |
|
|
|a (CaPaEBR)ebr11454739
|
| 035 |
|
|
|a (OCoLC)1007075365
|
| 040 |
|
|
|a MiAaPQ
|b eng
|e rda
|e pn
|c MiAaPQ
|d MiAaPQ
|
| 050 |
|
4 |
|a QL750
|b .I584 2017
|
| 082 |
0 |
|
|a 591.51
|2 23
|
| 110 |
2 |
|
|a International Society for Applied Ethology
|n (51st :
|d 2017 :
|c Aarhus, Denmark)
|
| 245 |
1 |
0 |
|a Proceedings of the 51st congress of the International Society for Applied Ethology :
|b understanding animal behaviour, 7-10 August 2017, Aarhus, Denmark /
|c edited by Margit Bak Jensen, Mette S. Herskin, Jens Malmkvist.
|
| 264 |
|
1 |
|a Wageningen, Netherlands :
|b Wageningen Academic Publishers,
|c 2017.
|
| 264 |
|
4 |
|c 2017
|
| 300 |
|
|
|a 1 online resource (244 pages) :
|b illustrations (some color), maps, photographs
|
| 336 |
|
|
|a text
|2 rdacontent
|
| 337 |
|
|
|a computer
|2 rdamedia
|
| 338 |
|
|
|a online resource
|2 rdacarrier
|
| 500 |
|
|
|a Includes index.
|
| 588 |
|
|
|a Description based on online resource; title from PDF title page (ebrary, viewed November 11, 2017).
|
| 590 |
|
|
|a Electronic reproduction. Ann Arbor, MI : ProQuest, 2016. Available via World Wide Web. Access may be limited to ProQuest affiliated libraries.
|
| 650 |
|
0 |
|a Animal behavior
|v Congresses.
|
| 655 |
|
4 |
|a Electronic books.
|
| 700 |
1 |
|
|a Jensen, Margit Bak,
|e editor.
|
| 700 |
1 |
|
|a Herskin, Mette S.,
|e editor.
|
| 700 |
1 |
|
|a Malmkvist, Jens,
|e editor.
|
| 776 |
0 |
8 |
|i Print version:
|a International Society for Applied Ethology (51st : 2017 : Aarhus, Denmark)
|t Proceedings of the 51st congress of the International Society for Applied Ethology : understanding animal behaviour, 7-10 August 2017, Aarhus, Denmark.
|d Wageningen, Netherlands : Wageningen Academic Publishers, c2017
|h 243 pages
|z 9789086863112
|
| 797 |
2 |
|
|a ProQuest (Firm)
|
| 856 |
4 |
0 |
|u https://ebookcentral.proquest.com/lib/matrademy/detail.action?docID=5056843
|z Click to View
|